| 000 | 03508nam a2200457 a 4500 | ||
|---|---|---|---|
| 001 | ebr10533647 | ||
| 003 | CaPaEBR | ||
| 006 | m u | ||
| 007 | cr cn||||||||| | ||
| 008 | 120106s2012 ne ab sb 001 0 eng d | ||
| 010 | _z 2012000054 | ||
| 020 | _z9789004226913 (hbk. : acid-free paper) | ||
| 020 | _z9789004228368 (e-book) | ||
| 040 |
_aCaPaEBR _cCaPaEBR |
||
| 035 | _a(OCoLC)777375516 | ||
| 043 | _aah----- | ||
| 050 | 1 | 4 |
_aDS25.5 _b.O75 2012eb |
| 082 | 0 | 4 |
_a954.96 _223 |
| 245 | 0 | 0 |
_aOrigins and migrations in the extended eastern Himalayas _h[electronic resource] / _cedited by Toni Huber and Stuart Blackburn. |
| 260 |
_aLeiden ; _aBoston : _bBrill, _c2012. |
||
| 300 |
_aviii, 336 p. : _bill., maps. |
||
| 490 | 1 |
_aBrill's Tibetan studies library, _x1568-6183 ; _vv. 16/4 |
|
| 504 | _aIncludes bibliographical references and index. | ||
| 505 | 0 | _aTrans-Himalayan Migrations as Processes, not Events : Towards a Theoretical Framework / Geoff Childs -- Where the Waters Dry Up : The Place of Origin in Rai Myth and Ritual / Martin Gaenszle -- Where did the Question "Where did My Tribe Come From?" Come From? / Robbins Burling -- Coevolving with the Landscape? Migration Narratives and the Environmental History of the Nyishi Tribe in Upland Arunachal Pradesh / Alexander Aisher -- Micro-Migrations of Hill Peoples in Northern Arunachal Pradesh : Rethinking Methodologies and Claims of Origins in Tibet / Toni Huber -- Apatani Ideas and Idioms of Origins / Stuart Blackburn -- Migration Narratives, Official Classifications, and Local identities : The Memba of the Hidden Land of Pachakshiri / Kerstin Grothmann -- The Language, Culture, Environment and Origins of Proto-Tani Speakers : What is Knowable, and What is not (yet) / Mark W. Post -- Glimpses of the Ethnolinguistic Prehistory of Northeastern India / George van Driem -- Origin and Migration Myths in the Rhetoric of Naga Independence and Collective Identity / Marion Wettstein -- Oral Histories and the "Origins" of Current Peoples : Dynamic Ethnogenesis, with Remarks upon the Limitations of Language-Family Subgrouping / F.K.L. Chit Hlaing -- Cords and Connections : Ritual and Spatial Integration in the Jinghpaw Cultural Zone / Mandy Sadan -- Origin and Return : Genesis and the Souls of the Dead in Naxi Myth and Ritual / Charles F. McKhann -- Migrating Brothers and Party-State Discourses on Ethnic Origin in Southwest China / Koen Wellens. | |
| 533 |
_aElectronic reproduction. _bPalo Alto, Calif. : _cebrary, _d2013. _nAvailable via World Wide Web. _nAccess may be limited to ebrary affiliated libraries. |
||
| 650 | 0 |
_aTibeto-Burman peoples _zHimalaya Mountains _xOrigin. |
|
| 650 | 0 |
_aTibeto-Burman peoples _xMigrations _xHistory. |
|
| 650 | 0 |
_aTibeto-Burman peoples _zHimalaya Mountains _xHistory. |
|
| 650 | 0 |
_aTibeto-Burman peoples _zHimalaya Mountains _xSocial life and customs. |
|
| 650 | 0 |
_aMountain people _zHimalaya Mountains. |
|
| 650 | 0 |
_aEthnology _zHimalaya Mountains. |
|
| 651 | 0 |
_aHimalaya Mountains _xEmigration and immigration _xHistory. |
|
| 651 | 0 |
_aHimalaya Mountains _xSocial life and customs. |
|
| 651 | 0 |
_aHimalaya Mountains _xEthnic relations. |
|
| 655 | 7 |
_aElectronic books. _2local |
|
| 700 | 1 |
_aHuber, Toni, _d1956- |
|
| 700 | 1 | _aBlackburn, Stuart H. | |
| 710 | 2 | _aebrary, Inc. | |
| 830 | 0 |
_aBrill's Tibetan studies library ; _vv. 16/4. |
|
| 856 | 4 | 0 |
_uhttp://site.ebrary.com/lib/rucke/Doc?id=10533647 _zAn electronic book accessible through the World Wide Web; click to view |
| 999 |
_c235336 _d235336 |
||